Personnel/human resource management. / (Record no. 636)
[ view plain ]
| 000 -LEADER | |
|---|---|
| fixed length control field | 00680cam a22002172 4500 |
| 001 - CONTROL NUMBER | |
| control field | 0000006208 |
| 005 - DATE AND TIME OF LATEST TRANSACTION | |
| control field | 20151021151109.0 |
| 008 - FIXED-LENGTH DATA ELEMENTS--GENERAL INFORMATION | |
| fixed length control field | 070926s xx 000 0 eng d |
| 020 ## - INTERNATIONAL STANDARD BOOK NUMBER | |
| International Standard Book Number | 8120306244 : |
| Terms of availability | KES 950 |
| 040 ## - CATALOGING SOURCE | |
| Original cataloging agency | KABU |
| Transcribing agency | KABU |
| 100 1# - MAIN ENTRY--PERSONAL NAME | |
| Personal name | DeCenzo, David A. |
| -- | 0000150760 |
| 245 10 - TITLE STATEMENT | |
| Title | Personnel/human resource management. / |
| Statement of responsibility, etc. | David A. DeCenzo, Stephen P. Robbins. |
| 250 ## - EDITION STATEMENT | |
| Edition statement | 3rd ed. |
| 260 ## - PUBLICATION, DISTRIBUTION, ETC. (IMPRINT) | |
| Place of publication, distribution, etc. | New Delhi : |
| Name of publisher, distributor, etc. | Prentice Hall, |
| Date of publication, distribution, etc. | 1988. |
| 300 ## - PHYSICAL DESCRIPTION | |
| Extent | xvii, 637 p. |
| 650 #0 - SUBJECT ADDED ENTRY--TOPICAL TERM | |
| Topical term or geographic name as entry element | Personnel management. |
| -- | 0000150761 |
| 700 1# - ADDED ENTRY--PERSONAL NAME | |
| Personal name | Robbins, Stephen P. |
| -- | 0000150759 |
| 908 ## - PUT COMMAND PARAMETER (RLIN) | |
| Put command parameter | 070926 |
| 950 ## - LOCAL HOLDINGS (RLIN) | |
| -- | 1 |
| Withdrawn status | Lost status | Source of classification or shelving scheme | Not for loan | Home library | Current library | Date acquired | Total Checkouts | Full call number | Barcode | Date last seen | Date last checked out | Price effective from | Koha item type |
|---|---|---|---|---|---|---|---|---|---|---|---|---|---|
| Library of Congress Classification | Kabarak, Main Campus | Kabarak, Main Campus | 17/12/2015 | 5 | HF5549 .D43 1988 | 012931 | 02/08/2024 | 27/02/2020 | 17/12/2015 | General Collection | |||
| Library of Congress Classification | Kabarak, Nakuru City Campus | Kabarak, Nakuru City Campus | 21/10/2015 | 2 | HF5549 .D43 1988 | 010700 | 04/03/2020 | 02/03/2020 | 21/10/2015 | General Collection |